[Event "AUTO-ADV-4548"]
[Site "http://www.queenalice.com/game.php?id=1772195"]
[Date "2021.10.13"]
[Round "1"]
[White "akleetch"]
[Black "lelugri"]
[Result "0-1"]
[WhiteElo "1754"]
[BlackElo "1737"]

1. e4 c5 2. Bc4 Nc6 3. a3 Nf6 4. d3 d6 5. h3 e6 6. Bg5 Be7 7. Nf3 O-O 8. O-O Nd4
9. Nh2 a6 10. c3 Nc6 11. f4 b5 12. Bb3 Bb7 13. Nd2 Qc7 14. Ng4 Na5 15. Ba2 Nxg4
16. Bxe7 Qxe7 17. Qxg4 Rac8 18. Rae1 c4 19. d4 d5 20. e5 f5 21. exf6 Rxf6 22.
Bb1 Nb3 23. Nxb3 Rcf8 24. Nc5 Bc8 25. Qh4 Qf7 26. g3 Rh6 27. Qg4 e5 28. f5 Rf6
0-1

[Event "AUTO-ADV-4558"]
[Site "http://www.queenalice.com/game.php?id=1774512"]
[Date "2021.11.11"]
[Round "1"]
[White "Canaye"]
[Black "lelugri"]
[Result "1-0"]
[WhiteElo "1757"]
[BlackElo "1834"]

1. d4 f5 2. c4 Nf6 3. Nc3 e6 4. h3 Be7 5. Bf4 O-O 6. e3 c6 7. Bd3 d5 8. cxd5
exd5 9. Nf3 Nbd7 10. O-O Ne4 11. Nd2 Bg5 12. Bxg5 Qxg5 13. Nf3 Qf6 14. Rc1 Nb6
15. Ne5 Nc4 16. Bxc4 dxc4 17. Ne2 Be6 18. Nf4 Bd5 19. Nd7 1-0

[Event "AUTO-ADV-4558"]
[Site "http://www.queenalice.com/game.php?id=1774513"]
[Date "2021.11.11"]
[Round "1"]
[White "lelugri"]
[Black "Canaye"]
[Result "1-0"]
[WhiteElo "1769"]
[BlackElo "1898"]

1. c4 e6 2. Nc3 d5 3. cxd5 exd5 4. d4 Nf6 5. Nf3 Bb4 6. g3 O-O 7. Bg2 c5 8. dxc5
Bxc3+ 9. bxc3 Nc6 10. O-O Qa5 11. Qb3 Qxc5 12. Ba3 Qc4 13. Bxf8 Kxf8 14. Rfe1
Na5 15. Qxc4 Nxc4 16. Nd4 Bd7 17. Rab1 b6 18. Nb5 a6 19. Nc7 Ra7 20. Nxd5 Nxd5
21. Bxd5 b5 22. Bxc4 bxc4 23. Rb4 Be6 24. Reb1 Ke7 25. Rb7+ Rxb7 26. Rxb7+ Kf6
27. Ra7 Bc8 28. Rc7 Be6 29. Rc6 a5 30. Ra6 Ke5 31. Rxa5+ Ke4 32. Kg2 h6 33. a4
g5 34. Rc5 h5 35. Rxg5 f5 36. Rxh5 Kd5 37. g4 Bd7 38. gxf5 Bc6 39. f3 Bxa4 40.
e4+ Kd6 41. Rh6+ Ke7 42. Kg3 Kf7 43. Rg6 Be8 44. h4 Kf8 45. Rb6 Bf7 46. Kf4 Kg7
47. Rb7 Kh6 48. e5 Bd5 49. Rb6+ Kh7 50. e6 Kg7 51. e7 Bf7 52. f6+ Kg6 53. Rb8
Kxf6 54. e8=Q Bxe8 55. Rxe8 Kf7 56. Re5 Kf6 57. h5 Kg7 58. Rf5 Kg8 59. Rf6 Kg7
60. Kf5 Kg8 61. Kg6 Kh8 62. Ra6 Kg8 63. Ra8# 1-0

[Event "AUTO-ADV-4558"]
[Site "http://www.queenalice.com/game.php?id=1774526"]
[Date "2021.11.11"]
[Round "1"]
[White "francisc059"]
[Black "lelugri"]
[Result "1/2-1/2"]
[WhiteElo "2004"]
[BlackElo "1818"]

1. e4 c5 2. Nc3 d6 3. f4 Nc6 4. Nf3 Nf6 5. Bc4 e6 6. d3 Be7 7. O-O a6 8. a3 b5
9. Ba2 O-O 10. Qe1 a5 11. e5 Nd7 12. Nxb5 Ba6 13. Nxd6 Bxd6 14. exd6 Nf6 15. Be3
Qxd6 16. Rd1 Rab8 17. b3 Nd5 18. Bd2 Nd4 19. Nxd4 cxd4 20. b4 axb4 21. Bxd5 Qxd5
22. Bxb4 Rfc8 23. Rf2 h6 24. Rdd2 Rb7 25. Qe4 Rd7 26. Qxd5 Rxd5 27. Rde2 Kh7 28.
g4 Bb5 29. Kg2 g6 30. Kg3 Ba4 31. h4 Kg7 32. Re5 Rxe5 33. fxe5 Bxc2 34. Rf4 Rd8
35. Bc5 Bxd3 36. Rxd4 Rxd4 37. Bxd4 Kf8 38. a4 Ke7 39. a5 Kd7 40. Kf4 Kc6 41.
Ke3 Ba6 42. Ke4 Kb5 43. Bb6 Bb7+ 44. Kd4 Bf3 45. g5 hxg5 46. hxg5 Bd5 1/2-1/2

[Event "AUTO-ADV-4558"]
[Site "http://www.queenalice.com/game.php?id=1774527"]
[Date "2021.11.11"]
[Round "1"]
[White "lelugri"]
[Black "francisc059"]
[Result "0-1"]
[WhiteElo "1815"]
[BlackElo "2005"]

1. c4 Nf6 2. Nc3 g6 3. Nf3 Bg7 4. g3 O-O 5. Bg2 e5 6. O-O d6 7. d3 Nc6 8. e3 Bg4
9. Qc2 Nb4 10. Qd2 Qd7 11. a3 Nc6 12. b4 a6 13. Bb2 Ne7 14. d4 exd4 15. exd4 Bh3
16. Rfe1 Bxg2 17. Kxg2 Rfe8 18. d5 c6 19. Rab1 cxd5 20. Nxd5 Nexd5 21. cxd5 Rac8
22. Rxe8+ Rxe8 23. Qd3 Qg4 24. Re1 Rxe1 25. Nxe1 Nxd5 26. Bxg7 Nf4+ 0-1

[Event "AUTO-ADV-4558"]
[Site "http://www.queenalice.com/game.php?id=1774534"]
[Date "2021.11.11"]
[Round "1"]
[White "askasl159"]
[Black "lelugri"]
[Result "0-1"]
[WhiteElo "1677"]
[BlackElo "1811"]

1. e4 c5 2. b4 cxb4 3. a3 Nc6 4. Nf3 d6 5. Bb5 Bd7 6. O-O Nf6 7. Re1 e6 8. Bb2
Be7 9. axb4 O-O 10. d4 d5 11. e5 Ne4 12. Bxc6 Bxc6 13. c3 a5 14. bxa5 Rxa5 15.
Rxa5 Qxa5 16. Qc2 f6 17. c4 dxc4 18. Bc3 Nxc3 19. Nxc3 Bxf3 20. Rb1 Bc6 21. h3
fxe5 22. dxe5 b5 23. Rd1 Rd8 24. Rxd8+ Bxd8 25. Ne4 Qe1+ 26. Kh2 Qxe4 27. Qxe4
Bxe4 0-1

[Event "AUTO-ADV-4558"]
[Site "http://www.queenalice.com/game.php?id=1774535"]
[Date "2021.11.11"]
[Round "1"]
[White "lelugri"]
[Black "askasl159"]
[Result "1-0"]
[WhiteElo "1807"]
[BlackElo "1611"]

1. c4 e5 2. Nc3 Nf6 3. Nf3 e4 4. Ng5 Qe7 5. Qc2 h6 6. Ngxe4 Nxe4 7. Qxe4 Nc6 8.
g3 d6 9. Bg2 Qxe4 10. Nxe4 Be7 11. O-O O-O 12. Rd1 Be6 13. d3 Bd7 14. a3 Nd4 15.
Be3 Nb3 16. Rab1 c5 17. Nd2 Nxd2 18. Rxd2 Bc6 19. b4 cxb4 20. axb4 Bxg2 21. Kxg2
a6 22. Ra2 b5 23. cxb5 axb5 24. Rba1 Rxa2 25. Rxa2 d5 26. Bc5 Bxc5 27. bxc5 Rb8
28. d4 b4 29. e3 b3 30. Rb2 Kf8 31. Kf1 Ke7 32. Ke2 Kd7 33. Kd3 Kc6 34. Kc3 1-0

[Event "AUTO-ADV-4561"]
[Site "http://www.queenalice.com/game.php?id=1775261"]
[Date "2021.11.20"]
[Round "1"]
[White "fabricioprado"]
[Black "lelugri"]
[Result "1-0"]
[WhiteElo "1742"]
[BlackElo "1838"]

1. d4 f5 2. Nf3 Nf6 3. e3 e6 4. Be2 Be7 5. O-O O-O 6. c4 c6 7. Nc3 d5 8. c5 b6
9. b4 Ne4 10. Qc2 Nd7 11. a4 Nxc3 12. Qxc3 Nf6 13. Bb2 bxc5 14. bxc5 Ne4 15. Qc2
a5 16. Bd3 Ba6 17. Bxa6 Rxa6 18. Nd2 Qc7 19. Rab1 Ra7 20. Nxe4 fxe4 21. Qe2 Rb8
22. Bc3 Rxb1 23. Rxb1 Bd8 24. h3 Rb7 25. Qc2 Qb8 26. Rb2 Rxb2 27. Bxb2 Qb4 28.
g3 h6 29. Kg2 Kf7 30. h4 g5 31. hxg5 hxg5 32. Bc1 Bf6 33. Bd2 Qb7 34. Bxa5 e5
35. Bc3 exd4 36. Bxd4 Qa6 37. Qd1 Kg6 38. Qa1 Bxd4 39. exd4 Qd3 40. Qb2 Qf3+ 41.
Kg1 1-0

[Event "AUTO-ADV-4561"]
[Site "http://www.queenalice.com/game.php?id=1775262"]
[Date "2021.11.20"]
[Round "1"]
[White "lelugri"]
[Black "fabricioprado"]
[Result "0-1"]
[WhiteElo "1802"]
[BlackElo "1760"]

1. c4 Nf6 2. Nc3 g6 3. Nf3 Bg7 4. g3 O-O 5. Bg2 e6 6. d4 d6 7. O-O Nc6 8. e4 a6
9. d5 Ne5 10. Nxe5 dxe5 11. Bg5 exd5 12. cxd5 h6 13. Be3 h5 14. Bg5 Qd6 15. Re1
Bg4 16. Qb3 b5 17. a4 bxa4 18. Qxa4 Bd7 19. Qa3 Rfb8 20. Reb1 Ne8 21. Be3 Qxa3
22. Rxa3 Nd6 23. b4 f5 24. Bc5 Nb5 25. Nxb5 Bxb5 26. exf5 gxf5 27. d6 c6 28. Rd1
Rd8 29. Bh3 f4 30. gxf4 exf4 31. Rf3 Be5 32. Bf1 Bxd6 33. Rxd6 Rxd6 34. Bxd6 Kh7
35. Bxf4 Rg8+ 36. Bg2 Be2 37. Rg3 Rxg3 38. fxg3 Bb5 39. Kf2 Kg6 40. Bd6 Kf5 41.
Ke3 Ke6 42. Bc5 Ke5 43. Bf3 Kf5 44. Bxh5 Kg5 0-1

[Event "AUTO-ADV-4561"]
[Site "http://www.queenalice.com/game.php?id=1775275"]
[Date "2021.11.20"]
[Round "1"]
[White "Fredo"]
[Black "lelugri"]
[Result "1-0"]
[WhiteElo "1936"]
[BlackElo "1811"]

1. e4 c5 2. Nf3 d6 3. d4 cxd4 4. Nxd4 Nf6 5. Nc3 Nc6 6. Be3 e6 7. Be2 Be7 8. O-O
O-O 9. f3 a6 10. Qd2 e5 11. Nb3 Be6 12. Rad1 Qc7 13. Nd5 Rad8 14. a3 Qb8 15. Bb6
Rd7 16. Na5 Re8 17. b4 Nxa5 18. bxa5 Nxd5 19. exd5 Bf5 20. Rc1 Rc8 21. c4 Bd8
22. a4 Bxb6+ 23. axb6 Rc5 24. a5 e4 25. fxe4 Bxe4 26. Bf3 Qe8 27. Bxe4 g6 28.
Rf3 Qxe4 29. Re1 Qxc4 30. Qh6 Rxd5 31. Re8# 1-0

[Event "AUTO-ADV-4561"]
[Site "http://www.queenalice.com/game.php?id=1775276"]
[Date "2021.11.20"]
[Round "1"]
[White "lelugri"]
[Black "Fredo"]
[Result "0-1"]
[WhiteElo "1825"]
[BlackElo "1882"]

1. c4 Nf6 2. Nc3 g6 3. Nf3 Bg7 4. g3 O-O 5. Bg2 d5 6. cxd5 Nxd5 7. O-O Nc6 8. d4
a6 9. e3 Bg4 10. Qb3 Nb6 11. Bd2 Na5 12. Qc2 Nac4 13. Be1 c6 14. b3 Na3 15. Qb2
Nb5 16. a4 Nxc3 17. Qxc3 Nd5 18. Qc5 Qd6 19. e4 Qxc5 20. dxc5 Bxa1 0-1

[Event "AUTO-ADV-4561"]
[Site "http://www.queenalice.com/game.php?id=1775283"]
[Date "2021.11.20"]
[Round "1"]
[White "DAlessandro"]
[Black "lelugri"]
[Result "0-1"]
[WhiteElo "1884"]
[BlackElo "1799"]

1. c4 f5 2. Nc3 Nf6 3. d3 e6 4. e3 Be7 5. Nf3 O-O 6. Be2 d6 7. O-O Nbd7 8. Re1
e5 9. Nd5 Nxd5 10. cxd5 Nf6 11. h3 Nxd5 12. Qb3 Be6 13. Bd2 Qd7 14. d4 e4 15.
Nh2 b6 16. Bc4 c6 17. Rac1 Kh8 18. a4 Rfb8 19. Bxd5 Bxd5 20. Qd1 a6 21. Qh5 b5
22. axb5 axb5 23. Nf1 g6 24. Qd1 Rc8 25. Ra1 Bf6 26. Bb4 Rxa1 27. Qxa1 c5 28.
Bc3 b4 29. Bd2 cxd4 30. exd4 Bxd4 31. Qa5 Bc5 32. Bxb4 Bxb4 33. Qxb4 Qe6 34. Ne3
h6 35. Qd4+ Kh7 36. Qxd5 Qxd5 37. Nxd5 Rb8 38. Rb1 Kg7 39. b4 Kf7 40. Kf1 Ke6
41. Nf4+ Kf6 42. Ke2 g5 43. b5 gxf4 44. f3 Ke5 45. Kd2 d5 46. Kc3 d4+ 47. Kc4 d3
48. fxe4 fxe4 49. Re1 d2 0-1

[Event "AUTO-ADV-4561"]
[Site "http://www.queenalice.com/game.php?id=1775284"]
[Date "2021.11.20"]
[Round "1"]
[White "lelugri"]
[Black "DAlessandro"]
[Result "0-1"]
[WhiteElo "1807"]
[BlackElo "1822"]

1. c4 e5 2. Nc3 c6 3. Nf3 d6 4. g3 Nf6 5. Bg2 Be6 6. b3 e4 7. Ng5 d5 8. Nxe6
fxe6 9. O-O Be7 10. d3 exd3 11. exd3 O-O 12. Bb2 Nbd7 13. Re1 e5 14. d4 exd4 15.
Qxd4 Kh8 16. cxd5 cxd5 17. Nxd5 Bc5 18. Qd1 Nxd5 19. Qxd5 Bxf2+ 0-1

[Event "AUTO-INT-3660"]
[Site "http://www.queenalice.com/game.php?id=1775363"]
[Date "2021.11.21"]
[Round "2"]
[White "Torpedo_Titz"]
[Black "lelugri"]
[Result "1-0"]
[WhiteElo "1625"]
[BlackElo "1792"]

1. d4 f5 2. Nf3 Nf6 3. e3 e6 4. Bd3 Be7 5. Nc3 O-O 6. e4 fxe4 7. Nxe4 d5 8. Neg5
h6 9. Nh3 Nbd7 10. O-O c5 11. Qe1 c4 12. Qxe6+ Kh8 13. Bg6 Nc5 14. Qe1 Nce4 15.
Nd2 Bd7 16. Nf4 Be8 17. Ne6 1-0

[Event "AUTO-INT-3660"]
[Site "http://www.queenalice.com/game.php?id=1775364"]
[Date "2021.11.21"]
[Round "2"]
[White "lelugri"]
[Black "Torpedo_Titz"]
[Result "1-0"]
[WhiteElo "1790"]
[BlackElo "1604"]

1. f4 d5 2. Nf3 Nf6 3. e3 Nbd7 4. Be2 g6 5. O-O e6 6. d3 Bg7 7. Ne5 O-O 8. d4
Nxe5 9. fxe5 Ne4 10. Nd2 b6 11. Nxe4 dxe4 12. c4 c5 13. b3 f5 14. exf6 Rxf6 15.
Bb2 a5 16. Qc2 cxd4 17. exd4 Rxf1+ 18. Bxf1 Bxd4+ 19. Kh1 e3 20. Bxd4 Qxd4 21.
Rd1 Qf4 22. Qe2 e5 23. Rd3 Bg4 24. Qe1 e2 25. Bxe2 Rf8 26. h3 e4 27. Rd1 Bxe2
28. Qxe2 Re8 29. Rf1 Qh4 30. Qe3 Kg7 31. Rf4 1-0

[Event "AUTO-OPEN-4329"]
[Site "http://www.queenalice.com/game.php?id=1776942"]
[Date "2021.12.12"]
[Round "1"]
[White "lelugri"]
[Black "Dadcol"]
[Result "0-1"]
[WhiteElo "1863"]
[BlackElo "1945"]

1. c4 e6 2. Nc3 Nf6 3. Nf3 d5 4. cxd5 Nxd5 5. g3 Be7 6. Bg2 a6 7. O-O c6 8. d4
b5 9. e4 Nc7 10. Bf4 Nd7 11. Bxc7 Qxc7 12. Re1 O-O 13. d5 Nf6 14. dxc6 Qxc6 15.
Rc1 Bb7 16. e5 Nd7 17. Nh4 Qc8 18. Bxb7 Qxb7 19. Qf3 Qxf3 20. Nxf3 Rac8 21. a3
Nb6 22. Red1 Nc4 0-1

[Event "AUTO-OPEN-4329"]
[Site "http://www.queenalice.com/game.php?id=1776943"]
[Date "2021.12.12"]
[Round "1"]
[White "Dadcol"]
[Black "lelugri"]
[Result "1-0"]
[WhiteElo "1958"]
[BlackElo "1850"]

1. d4 f5 2. Bf4 Nf6 3. Nc3 e6 4. Nf3 Be7 5. e3 O-O 6. a3 d5 7. Bd3 c6 8. O-O Ne4
9. Ne2 Nd7 10. c3 Ndf6 11. Rc1 Bd6 12. Ne5 Nh5 13. h3 Nxf4 14. Nxf4 Qc7 15. Nh5
Bxe5 16. dxe5 Qxe5 17. Qe2 a5 18. a4 Bd7 19. f3 Be8 20. f4 Qd6 21. Bxe4 fxe4 22.
b3 1-0

[Event "AUTO-OPEN-4329"]
[Site "http://www.queenalice.com/game.php?id=1776944"]
[Date "2021.12.12"]
[Round "1"]
[White "lelugri"]
[Black "maurice91"]
[Result "1-0"]
[WhiteElo "1816"]
[BlackElo "1761"]

1. c4 Nf6 2. Nc3 e5 3. Nf3 d6 4. g3 c6 5. Bg2 Na6 6. O-O Be7 7. d4 e4 8. Ng5 d5
9. cxd5 cxd5 10. f3 h6 11. Nh3 Bf5 12. fxe4 dxe4 13. Rxf5 g6 14. Rf1 Rc8 15.
Nxe4 g5 16. e3 Nd5 17. Nhf2 O-O 18. a3 Nac7 19. Qb3 b6 20. Bd2 Kg7 21. Nc3 Nf6
22. Nfe4 Nfd5 23. Nxd5 Nxd5 24. Rac1 Rb8 25. Nxg5 Bxg5 26. Qxd5 Qe8 27. Qe5+
Qxe5 28. dxe5 Rbd8 29. Rcd1 Rd3 30. Be4 Rd7 31. Bc1 Re7 32. h4 Rxe5 33. hxg5
Rxe4 34. gxh6+ Kxh6 35. Rd7 Kg7 36. Rxa7 b5 37. Rf4 1-0

[Event "AUTO-OPEN-4329"]
[Site "http://www.queenalice.com/game.php?id=1776945"]
[Date "2021.12.12"]
[Round "1"]
[White "maurice91"]
[Black "lelugri"]
[Result "0-1"]
[WhiteElo "1749"]
[BlackElo "1851"]

1. d4 f5 2. c4 Nf6 3. Bg5 e6 4. Nf3 Be7 5. Nc3 O-O 6. e3 c6 7. Bd3 d5 8. O-O Ne4
9. Bxe7 Qxe7 10. Rc1 Nd7 11. c5 Nxc3 12. bxc3 b6 13. cxb6 axb6 14. c4 Ba6 15. a4
Nf6 16. c5 bxc5 17. Rxc5 Rfc8 18. Qc2 Bxd3 19. Qxd3 Rxa4 20. Ne5 Nd7 21. Rxc6
Rxc6 22. Nxc6 Qd6 23. Qb5 Ra3 24. Rc1 h6 25. Nb4 Rb3 26. Rc8+ Kh7 27. Rc6 Rb1+
28. Qf1 Rxf1+ 29. Kxf1 Qxb4 30. Rxe6 Qb1+ 31. Ke2 Qc2+ 32. Kf3 Qe4+ 33. Rxe4
fxe4+ 34. Kf4 Kg6 35. h3 Kf6 36. h4 Nb6 37. g4 g5+ 38. hxg5+ hxg5+ 39. Kg3 Nc4
40. Kg2 Nd2 41. Kg3 Nf3 42. Kg2 Ke6 43. Kh3 Kd6 44. Kg2 Kc6 45. Kh3 Kb5 46. Kg3
Kc4 47. Kh3 Kd3 48. Kg3 Ke2 49. Kg2 Ne1+ 50. Kg3 Nd3 0-1

[Event "AUTO-OPEN-4329"]
[Site "http://www.queenalice.com/game.php?id=1776946"]
[Date "2021.12.12"]
[Round "1"]
[White "lelugri"]
[Black "dimitridruloza2012"]
[Result "0-1"]
[WhiteElo "1818"]
[BlackElo "1817"]

1. f4 d6 2. Nf3 e5 3. fxe5 d5 4. d4 Nc6 5. Bf4 Bb4+ 6. c3 Ba5 7. g3 Nge7 8. Bg2
Nf5 9. O-O Be6 10. Nbd2 Qe7 11. Nb3 O-O 12. Nxa5 Nxa5 13. Qc2 Nc4 14. Qc1 b5 15.
Ng5 h6 16. Nxe6 fxe6 17. b3 Nb6 18. Qc2 a5 19. e4 dxe4 20. Bxe4 Rf7 21. Bxf5
Rxf5 22. c4 bxc4 23. bxc4 Qb4 24. Rfc1 Qf8 25. h4 Rxf4 26. gxf4 Qxf4 27. Qf2
Qg4+ 28. Kh2 Rf8 29. Qg3 Qxd4 30. c5 Nd5 31. Rd1 Qxc5 32. Rg1 Rf7 33. Raf1 Rxf1
34. Rxf1 Qc2+ 35. Rf2 Qc1 36. Rg2 g5 37. hxg5 h5 38. g6 Qh6 39. Qg5 Qxg5 40.
Rxg5 Nf4 41. Kg3 Nd3 42. Rxh5 Kg7 43. Rh7+ Kxg6 44. Rxc7 Nxe5 45. Rc5 Nd3 0-1

[Event "AUTO-OPEN-4329"]
[Site "http://www.queenalice.com/game.php?id=1776947"]
[Date "2021.12.12"]
[Round "1"]
[White "dimitridruloza2012"]
[Black "lelugri"]
[Result "0-1"]
[WhiteElo "1696"]
[BlackElo "1841"]

1. d4 f5 2. e3 Nf6 3. Bd3 e6 4. Nc3 Be7 5. Nf3 O-O 6. Qe2 d5 7. Ne5 Nbd7 8. Bd2
c6 9. Qf3 Ne4 10. Bxe4 Nxe5 11. Qf4 Ng6 12. Qf3 fxe4 13. Qe2 e5 14. Na4 exd4 15.
exd4 Bd6 16. Be3 Qa5+ 17. Nc3 b5 18. O-O Qb6 19. Qh5 a5 20. Ne2 b4 21. b3 Rf5
22. Bg5 Ba6 23. Rac1 Be7 24. Ng3 Rxg5 25. Qd1 Bxf1 26. Qxf1 Qxd4 27. Ne2 Qe5 28.
f4 Nxf4 29. Nxf4 Rf8 30. g3 h5 31. h4 Rxg3+ 32. Kh1 Qxf4 33. Qe2 Qxh4+ 34. Qh2
Rh3 35. Qxh3 Qxh3+ 36. Kg1 Bc5# 0-1

[Event "AUTO-ADV-4568"]
[Site "http://www.queenalice.com/game.php?id=1777100"]
[Date "2021.12.13"]
[Round "1"]
[White "Becket"]
[Black "lelugri"]
[Result "1/2-1/2"]
[WhiteElo "1753"]
[BlackElo "1845"]

1. d4 f5 2. e3 Nf6 3. Nf3 e6 4. c4 Be7 5. Nc3 O-O 6. Bd3 c6 7. a3 d5 8. cxd5
exd5 9. h3 Ne4 10. Qe2 Nd7 11. Bd2 Nxd2 12. Qxd2 Nf6 13. Ne5 Ne4 14. Nxe4 fxe4
15. Be2 Qc7 16. Bg4 Bf6 17. Bxc8 Raxc8 18. Ng4 c5 19. Rc1 Qd6 20. dxc5 Rxc5 21.
Rxc5 Qxc5 22. Nxf6+ Rxf6 23. O-O Rd6 24. Rc1 Qb6 25. Rc8+ Kf7 26. Qc1 Rc6 27.
Rxc6 Qxc6 28. Qb1 a5 29. g3 b5 30. b4 axb4 31. axb4 h6 32. Kg2 Qc4 33. Qb2 g5
34. Qd4 Qxd4 35. exd4 h5 36. Kf1 Kf6 37. Ke2 Kf5 38. f3 exf3+ 39. Kxf3 g4+ 40.
hxg4+ hxg4+ 41. Ke3 Kg5 42. Kf2 Kf6 43. Ke3 Kg5 1/2-1/2

[Event "AUTO-ADV-4568"]
[Site "http://www.queenalice.com/game.php?id=1777101"]
[Date "2021.12.13"]
[Round "1"]
[White "lelugri"]
[Black "Becket"]
[Result "1-0"]
[WhiteElo "1830"]
[BlackElo "1793"]

1. f4 d5 2. Nf3 e6 3. e3 Nf6 4. Be2 c5 5. O-O Nc6 6. Nc3 a6 7. d3 h6 8. Ne5 Bd6
9. Nxc6 bxc6 10. Bf3 Rb8 11. e4 dxe4 12. Nxe4 Bb7 13. Nxd6+ Qxd6 14. c3 Nd5 15.
c4 Nf6 16. Be3 O-O 17. g3 Rfd8 18. Be2 Bc8 19. b3 Qe7 20. Qc2 Nh7 21. Rad1 Bb7
22. Bf3 Nf6 23. d4 cxd4 24. Bxd4 c5 25. Bxf6 Qxf6 26. Bxb7 Rxb7 27. Rxd8+ Qxd8
28. Rd1 Rd7 29. Rxd7 Qxd7 30. Kf2 Qb7 31. a3 Qh1 32. Qd3 Qxh2+ 33. Kf3 Qh1+ 34.
Kf2 Qa8 35. Qd6 Qc8 36. Qb6 g6 37. Qd6 h5 38. b4 cxb4 39. Qxb4 1-0